000 00723nam a2200241Ia 4500
003 OSt
005 20220923224136.0
006 a|||||r|||| 00| 0
007 ta
008 Pun
024 _a226,454
037 _cTextual
040 _aARTS
_cARTS
_bPun
041 _2Pun
_aPun
082 _aO153,1:g, P4
100 _aਹੁੰਦਲ, ਹਰਭਜਨ ਸਿੰਘ
_9156274
245 0 _aਕਵੀਆਂ ਦੇ ਅੰਗ ਸੰਗ
260 _aਦਿੱਲੀ
_b ਮਨਪ੍ਰੀਤ ਪ੍ਰਮਾFਨ
_c2004
300 _a280ਪੰ
_ccm.
650 _aਪੰਜਾਬੀ ਸਾਹਿਤ
942 _hO153,1:g, P4
_cTEXL
_2CC
999 _c369493
_d369493